| 000 | 00731nam a22002297a 4500 | ||
|---|---|---|---|
| 003 | UA-OsUOA | ||
| 001 | 50226 | ||
| 007 | ta | ||
| 008 | 20071108b un ||||| |||| 00| 0 ukr d | ||
| 090 |
_a343.13(470+571)(094.4) _bК63 |
||
| 942 | _cBK | ||
| 040 |
_aUA-OsUOA _brus _cUA-OsUOA _dUA-OsUOA |
||
| 245 |
_aКоментарий к уголовно-процессуальному кодексу Российской федерации _cПетрухин И. |
||
| 300 | _a720 с. | ||
| 955 | _a2 | ||
| 041 | _arus | ||
| 080 | _a343.13(470+571)(094.4) | ||
| 020 | _a978-5-482-01422-6 | ||
| 260 |
_aМ. _bКодекс _c2007 |
||
| 650 | 7 |
_a343 Кримінальне право. Карні порушення _2UDC |
|
| 999 |
_c336328 _d336328 |
||